Language Quiz

Random Language or Spanish Quiz
Score 0/60 Timer 06:00
0 Plays Today
Language Answer % Correct
SpanishQué
78.4%
Germanwas
74.5%
SpanishDónde
72.5%
SpanishPor qué
72.5%
Germanwo
70.6%
SpanishCómo
66.7%
SpanishCuándo
66.7%
SpanishCuánto
66.7%
SpanishCuántos
64.7%
Frenchqui
64.7%
Frenchpourquoi
64.7%
Frenchquand
64.7%
SpanishQuién
62.7%
SpanishDe dónde
62.7%
French
62.7%
SpanishCuál
60.8%
Portugueseque
60.8%
Germanwie
60.8%
Germanwarum
60.8%
Frenchquel
58.8%
Germanwer
58.8%
Germanwann
58.8%
Frenchcomment
56.9%
CatalanQuè
56.9%
Portuguesecomo
54.9%
PortuguesePor quê
54.9%
Catalancom
54.9%
Frenchcombien
51%
Germanwelche
51%
Germanwie viel
51%
Language Answer % Correct
Portuguesequando
49%
Portuguesequanto
49%
Portuguesequantos
49%
Frenchquoi
49%
Frenchd'où
49%
Germanwoher
49%
Catalanqui
49%
Catalanquan
49%
Portuguesequal
47.1%
Frenchcombien
47.1%
Catalanper què
45.1%
Portugueseonde
43.1%
Portuguesede onde
43.1%
Portuguesequem
41.2%
Germanwie viele
41.2%
Catalanon
41.2%
Catalanquant
41.2%
Catalanquants
41.2%
SwedishVad
39.2%
Cataland'on
39.2%
SwedishVarför
37.3%
SwedishVem
35.3%
SwedishVar
33.3%
SwedishHur
31.4%
SwedishHur mycket
27.5%
SwedishNär
25.5%
SwedishVarifrån
25.5%
SwedishVilket
25.5%
Swedishhur många
25.5%
Catalanquin
25.5%
Remove Ads.
Support Sporcle.
Get the best of Sporcle when you Go Orange. This ad-free experience offers more features, more stats, and more fun while also helping to support Sporcle. Thank you for becoming a member.

You're not logged in!

Compare scores with friends on all Sporcle quizzes.
OR
Log In

Show Comments

Extras

Top Quizzes Today


Score Distribution

Your Account Isn't Verified!

In order to create a playlist on Sporcle, you need to verify the email address you used during registration. Go to your Sporcle Settings to finish the process.

Report this User

Report this user for behavior that violates our Community Guidelines.

Details: